Normal view
MARC view
Entry Personal Name
001 - CONTROL NUMBER
- control field: 305195
003 - CONTROL NUMBER IDENTIFIER
- control field: DLC
005 - DATE AND TIME OF LATEST TRANSACTION
- control field: 20220628154821.0
008 - FIXED-LENGTH DATA ELEMENTS
- fixed length control field: 201124n| azannaabn |n aaa
010 ## - LIBRARY OF CONGRESS CONTROL NUMBER
- LC control number: n 2020186261
035 ## - SYSTEM CONTROL NUMBER
- System control number: (DNLM)1866193
040 ## - CATALOGING SOURCE
- Original cataloging agency: DNLM
- Language of cataloging: eng
- Description conventions: rda
- Transcribing agency: DNLM
- Modifying agency: MY-SjTCS
100 1# - HEADING--PERSONAL NAME
- Personal name: Shipman, Kate
374 ## - OCCUPATION
- Occupation: Medical consultants
- Source of term: lcsh
375 ## - GENDER
- Gender: female
377 ## - ASSOCIATED LANGUAGE
- Language code: eng
670 ## - SOURCE DATA FOUND
- Source citation: Clinical chemistry, 2021:
- Information found: title page (Kate Shipman, MA, BMBCh, MRCP, FRCPath; Consultant Chemical Pathologist, Western Sussex NHS Foundation Trust, Chichester, UK)